| 000 | 01088nam a2200313Ia 4500 | ||
|---|---|---|---|
| 003 | OSt | ||
| 005 | 20221006160348.0 | ||
| 006 | a|||||r|||| 00| 0 | ||
| 007 | ta | ||
| 008 | 221006b |||||||| |||| 00| 0 eng d | ||
| 020 |
_a9780824838980 _c2080.00 |
||
| 024 | _a45,050 | ||
| 037 |
_b103/2013-14, 28/02/2014, Pioneer Book Distributor _cTextual |
||
| 040 |
_aEASL _cEASL _beng |
||
| 041 |
_2eng _aeng |
||
| 082 | _aQ4.42.P1, Q3 | ||
| 100 |
_aNelson John K _9673035 |
||
| 245 | 0 |
_aEperimental Buddhism _b Innovation and activism in contemporary Japan |
|
| 260 |
_aHonolulu _bUniversity of Hawaii Press _c2013 |
||
| 300 |
_a306p. _ccm. |
||
| 490 |
_v JEL _aTopics in Contemporary Buddhism |
||
| 500 | _aR&D Budget: RM Sensei | ||
| 650 |
_a Buddhism - Social aspects - Japan _9663641 |
||
| 650 |
_a Buddhism and social problems - Japan _9673036 |
||
| 650 | _a JEL | ||
| 650 |
_aBuddhism - Japan - Customs and practices _9667529 |
||
| 942 |
_hQ4.42.P1, Q3 _cTEXL _2CC |
||
| 999 |
_c1113142 _d1113142 |
||